000 00590nam a2200193Ia 4500
003 IN-BaIIA
008 211028s9999 xx 000 0 eng d
040 _cIIA Library
080 _a083.7:621.884
_bISI
110 _aIndian Standards Institution
245 0 _aIndian standard specification for rivets for general purposes (below 12 mm diameter)
_cIndian Standards Institution
260 _aNew Delhi
_bIndian Standards Institution
_c1963
300 _a10p.
500 _aIS 2155 : 1962
650 _aNASA Thesaurus
650 _aRivets
_99351
650 _aStandard
_99352
942 _cBK
999 _c5366
_d5366